| 000 | 01387cam a22003374i 4500 | ||
|---|---|---|---|
| 001 | 11900960 | ||
| 003 | EG-ScBUE | ||
| 005 | 20251209092622.0 | ||
| 008 | 000201t2000 dcua f b 101 0 eng | ||
| 020 | _a0841236739 | ||
| 020 | _a9780841236738 | ||
| 040 |
_aEG-ScBUE _beng _erda _cEG-ScBUE _dEG-ScBUE |
||
| 082 | 0 | 4 |
_a547.28 _222 _bTRA |
| 245 | 0 | 0 |
_aTransition metal catalysis in macromolecular design / _cLisa Saunders Boffa, editor, Exxon Research & Engineering Company, Bruce M. Novak, editor, North Carolina State University. |
| 264 | 1 |
_aWashington, DC : _bAmerican Chemical Society, _c[2000] |
|
| 264 | 4 | _cc2000 | |
| 300 |
_ax, 299 pages : _billustrations ; _c24 cm. |
||
| 336 |
_2rdacontent _atext _btxt |
||
| 337 |
_aunmediated _2rdamedia _bn |
||
| 338 |
_avolume _bnc _2rdacarrier |
||
| 490 | 0 |
_aACS symposium series ; _v760 |
|
| 504 | _aIncludes bibliographical references and index. | ||
| 650 | 7 |
_aPolymerization _vCongresses. _96599 _2BUEsh |
|
| 650 | 7 |
_aTransition metal catalysts _vCongresses. _96600 _2BUEsh |
|
| 655 | _vReading book | ||
| 700 | 1 |
_aBoffa, Lisa Saunders, _d1969- _96601 _eeditor. |
|
| 700 | 1 |
_aNovak, Bruce M., _d1955- _96602 _eeditor. |
|
| 856 | 4 | 2 |
_3Publisher description _uhttp://www.loc.gov/catdir/enhancements/fy0639/00022803-d.html |
| 856 | 4 | 1 |
_3Table of contents only _uhttp://www.loc.gov/catdir/enhancements/fy0639/00022803-t.html |
| 942 |
_2ddc _cBB |
||
| 999 |
_c11937 _d11937 |
||